Distress and coping strategy among breast cancer outpatients undergoing chemotherapy at the University Malaya Medical Center /
Saved in:
| Main Author: | |
|---|---|
| Format: | Thesis Book |
| Language: | English |
| Published: |
2010.
|
| Subjects: | |
| Tags: |
Add Tag
No Tags, Be the first to tag this record!
|
| LEADER | 01162cam a2200277 a 4500 | ||
|---|---|---|---|
| 001 | u796413 | ||
| 003 | SIRSI | ||
| 005 | 201008241511 | ||
| 008 | 100824s2010 my t 000 0 eng m | ||
| 040 | |a UMP | ||
| 043 | |a a-my-wp | ||
| 096 | |a WB104 |b UM 2010 Sanar | ||
| 100 | 0 | |a Saniah Abdul Rahim. | |
| 245 | 1 | 0 | |a Distress and coping strategy among breast cancer outpatients undergoing chemotherapy at the University Malaya Medical Center / |c Saniah Abdul Rahim. |
| 260 | |c 2010. | ||
| 300 | |a xiv, 129 leaves : |b col. ill. ; |c 30cm. | ||
| 502 | |a Dissertation (M.P.M) -- Department of Psychological Medicine, Faculty of Medicine, University of Malaya, 2010. | ||
| 504 | |a Bibliography: leaves 109-129. | ||
| 650 | 1 | 2 | |a Breast Neoplasms |x psychology |z Kuala Lumpur (W.P.). |
| 650 | 2 | 2 | |a Neoplasms |x drug therapy |z Kuala Lumpur (W.P.). |
| 650 | 2 | 2 | |a Stress, Psychological |x prevention & control |z Kuala Lumpur (W.P.). |
| 650 | 2 | 2 | |a Outpatients |z Kuala Lumpur (W.P.). |
| 710 | 2 | 0 | |a Universiti Malaya. |b Jabatan Perubatan Psikologi. |
| 900 | |a RAH | ||
| 596 | |a 2 | ||
| 999 | |a WB104 UM 2010 SANAR |w NLM |c 1 |i A514502598 |d 17/9/2010 |f 17/9/2010 |g 1 |l TESIS |m P02MEDKL |r Y |s Y |t TESIS |u 17/9/2010 | ||
